Parábolas rabínicas
Uloženo v:
| Hlavní autor: | |
|---|---|
| Médium: | Kniha |
| Jazyk: | španělština |
| Vydáno: |
Pamplona
Verbo Divino
1985
|
| Edice: | Documentos en torno a la Biblia, 12
|
| Témata: | |
| Tagy: |
Přidat tag
Žádné tagy, Buďte první, kdo vytvoří štítek k tomuto záznamu!
|
MARC
| LEADER | 00000nam a2200000 a 4500 | ||
|---|---|---|---|
| 001 | UCW8433 | ||
| 003 | CL-VaPUC | ||
| 008 | 880907e19850000SP |||||||||||||||||spa|d | ||
| 082 | 0 | 4 | |a 226.8 |b LAM |2 21 |
| 100 | |a La Maisonneuve, Dominique de |e author |9 456108 | ||
| 245 | 1 | 0 | |a Parábolas rabínicas |
| 300 | |a 63 p | ||
| 942 | |c BK | ||
| 945 | |d 19880907 00:00:00 | ||
| 260 | |a Pamplona |b Verbo Divino |c 1985 | ||
| 650 | 0 | |a Parábolas |9 313604 | |
| 650 | 7 | |a PARABOLAS BIBLICAS |2 CL-VaPUC |9 313605 | |
| 583 | |a last modification |c 20120606 11:25:48 |k Rodrigo Vera | ||
| 490 | 0 | |a Documentos en torno a la Biblia, 12 | |
| 999 | |c 220808 |d 220806 | ||
| 952 | |0 0 |1 0 |4 0 |6 226_800000000000000_LAM_1985 |7 0 |8 A |9 213503 |a BIBTEO |b BIBTEO |d 2019-11-15 |i 2818396 |o 226.8 LAM 1985 |p 2818396 |r 2025-01-17 |w 2019-11-15 |y BK |k ICR | ||
| 952 | |0 0 |1 0 |4 0 |6 226_800000000000000_LAM_1985 |7 0 |8 A |9 213504 |a BIBTEO |b BIBTEO |d 2019-11-15 |i 2079917 |o 226.8 LAM 1985 |p 2079917 |r 2025-01-17 |w 2019-11-15 |y BK |k ICR | ||